|
|
|
|
| LEADER |
00640cam a2200169 7i4500 |
| 001 |
0000042308 |
| 005 |
20170218090000.0 |
| 020 |
|
|
|a 9780415230087 (pbk.)
|
| 090 |
0 |
0 |
|a N7480
|b .H26 2001
|
| 100 |
1 |
|
|a Harris, Jonathan
|
| 245 |
1 |
4 |
|a The new art history :
|b a critical introduction
|c Jonathan Harris.
|
| 260 |
|
|
|a London:
|b Routledge,
|c 2001.
|
| 300 |
|
|
|a xviii, 302 p.:
|b ill.;
|c 24 cm.
|
| 650 |
0 |
0 |
|a Art --
|x Historiography
|
| 650 |
0 |
0 |
|a Art criticism --
|x Social aspects --
|x History --
|y 20th century
|
| 997 |
|
|
|a Communication, Visual Art & Computing, Faculty
|b Visual Art, Department
|
| 999 |
|
|
|a 0000053634
|b BOK
|c OPEN SHELF
|e 1st Floor, Bestari Jaya
|